| Поле | Инд. | ПП | Название | Значение |
|---|---|---|---|---|
| Тип записи | a | |||
| Библиографический уровень | b | |||
| 001 | Контрольный номер | RU/IS/BASE/475861434 | ||
| 005 | Дата корректировки | 20200630193218.4 | ||
| 008 | Кодируемые данные | 20150129 | ||
| 040 | b | Код языка каталог. | rus | |
| e | Правила каталог. | PSBO | ||
| 041 | 0_ | a | Код языка текста | rus |
| 084 | a | Индекс другой классификации/Индекс ББК | 60.8 | |
| 100 | 1_ | a | Автор | Кузнецова Т. Е. |
| q | Полное имя | Кузнецова Тамара Евгеньевна | ||
| 100 | 1_ | a | Автор | Никифоров Л. В. |
| q | Полное имя | Никифоров Лев Васильевич | ||
| 245 | a | Заглавие | О стратегии использования пространственного потенциала России | |
| 504 | a | Библиография | Лит. - Примеч. | |
| 520 | a | Аннотация | Обосновывается необходимость разработки государственной перспективной пространственной стратегии социально-экономического развития страны, дается определение пространственного потенциала, раскрывается основное содержание действующей модели управления пространственным развитием и возможные направления ее трансформации. | |
| 650 | a | Основная рубрика | социальное управление | |
| 653 | a | Ключевые слова | агломерация | |
| a | Ключевые слова | государственная власть | ||
| a | Ключевые слова | государственная политика | ||
| a | Ключевые слова | государственное управление | ||
| a | Ключевые слова | диверсификация | ||
| a | Ключевые слова | долгосрочное развитие | ||
| a | Ключевые слова | модели управления | ||
| a | Ключевые слова | муниципалитеты | ||
| a | Ключевые слова | пространственное развитие | ||
| a | Ключевые слова | пространственный потенциал | ||
| a | Ключевые слова | развитие территорий | ||
| a | Ключевые слова | Россия | ||
| a | Ключевые слова | социально-экономическая политика | ||
| a | Ключевые слова | социально-экономическое развитие | ||
| a | Ключевые слова | управление развитием | ||
| a | Ключевые слова | управление территориями | ||
| a | Ключевые слова | устойчивое развитие | ||
| a | Ключевые слова | экономическая интеграция | ||
| 773 | t | Заглавие источника | Вопросы государственного и муниципального управления | |
| d | Дата издания источника | 2013 | ||
| g | Прочая информация | № 2. - С. 51 - 64 | ||
| w | Контрольный № источника | RU/IS/BASE/427907371 | ||
| 901 | t | Тип документа | b |